01199pab a2200145 454500008004000000100001900040245009600059260000900155300001100164362000800175520081000183650002200993700002001015773001801035180718b2000 xxu||||| |||| 00| 0 eng d aPhe, Hoang Huu aStatus, quality and the other trade-off: towards a new theory of urban residential location c2000 ap.7-35 aJan aThe existing models of residential location are facing difficulties in explaining new trends in urban development such as gentrification and abandonment. The mainstream approach which stresses the bid-rent formulations and the access/space trade-off seems to be at variance with the current reality of dispersal of both industry and housing in modern cities. In this paper, it is proposed that the focus on the city centre(s) and distance(s) from it (or them) should be shifted to two other categories of parameter; housing status and dwelling quality. A model of interaction between these parameters can be used not only to describe but also to predict various types of residential development in different urban contexts. The components of a new theory of residential location are proposed. - Reproduced aUrban development aWakely, Patrick aUrban Studies